000 00816nam a22002295i 4500
001 165963
003 ES-MaACL
005 20250820150540.0
008 940206s1879 sp |||| | spa d
040 _aCAM
_bspa
100 1 _aTácito, Cayo Cornelio
_9109052
245 1 4 _aLos anales de Cayo Cornelio Tácito /
_ctraducidos por Carlos Coloma.
260 _aMadrid :
_b[s.n.],
_c1879 (
_fImp. central, a cargo de Victor Saiz)
300 _a2 v. ( XIII, 304; 369 p.) ;
_c18 cm.
490 1 _aBiblioteca Clásica ;
_v17, 18
700 1 _aColoma, Carlos,
_dca. 1567-1637
_etrad.
_9126547
710 2 1 _aCentral, Imp.,
_eimp.
_9134235
752 _aEspaña -
_d, Madrid
830 0 _aBiblioteca Clásica ;
_v17, 18
_9180370
852 _aES-MaACL
_jC-3562-63
_z-- Enc. hol.
999 _c165963
_d165963